000
00251nam a2200097Ia 4500
008
240331s9999 xx 000 0 und d
082
_b
SUN
100
_a
Sundarayya, S
245
0
_a
Veerat telangana ayuthap poraddankalum athan paddipanaikalum
942
_c
L
999
_c
2362
_d
2362